000 00530cam a2200193ua 4500
001 11203
008 190903n ii |||gr||||Z||||||eng
020 _a9788183421324
040 _cMAIN
041 _aeng
082 _a370.1
100 _aPremchand Jogi,
_eAuthor.
245 _aEncyclopaedia educational philosophy :
_bhistory of educational philosophy /
_cBy Premchand Jogi .
250 _a1st ed. /
_bV.2.
260 _aNew Delhi:
_bCrescent publishing,
_c2008.
300 _a291p.
653 _aEducation
942 _cBK
999 _c10065
_d10065